[Event "OHRA-A"]
[Site "Amsterdam"]
[Date "1989.??.??"]
[Round "?"]
[White "Kortschnoj, Viktor"]
[Black "Speelman, Jonathan S"]
[Result "1/2-1/2"]
[WhiteElo "2655"]
[BlackElo "2615"]
[PlyCount "51"]
[EventDate "1989.07.??"]
[Source "ChessBase"]

1. d4 Nf6 2. c4 e6 3. Nc3 Bb4 4. Qc2 Nc6 5. e3 O-O 6. Nge2 Re8 7. a3 Bf8 8. g3 d5 9. Bg2 dxc4 10. Qa4 e5 11. d5 Nd4 12. exd4 exd4 13. O-O dxc3 14. Nxc3 Nd7 15. Qxc4 Ne5 16. Qb3 h5 17. Ne4 Bg4 18. Bf4 Ng6 19. Be3 Bf5 20. Ng5 Bd6 21. h4 Ne5 22. Bd4 b6 23. Qc3 Qd7 24. Ne6 f6 25. Nf4 Ng6 26. Nxg6 1/2-1/2

[Event "TCh-BIH"]
[Site "Jahorina"]
[Date "2003.06.22"]
[Round "2"]
[White "Lalic, Bogdan"]
[Black "Ilincic, Zlatko"]
[Result "1-0"]
[WhiteElo "2549"]
[BlackElo "2557"]
[PlyCount "52"]
[EventDate "2003.06.21"]
[Source "Roberto Alvarez"]
[SourceDate "2003.07.07"]

1. d4 Nf6 2. c4 e6 3. Nc3 Bb4 4. Qc2 Nc6 5. Nf3 h6 6. Bd2 d5 7. e3 a5 8. Bd3 Bd6 9. a3 dxc4 10. Bxc4 O-O 11. Bb5 Na7 12. Ba4 Bd7 13. O-O Bc6 14. Bxc6 Nxc6 15. Qb3 Ra6 16. Rfd1 Qe7 17. h3 Rb8 18. e4 e5 19. dxe5 Bxe5 20. Nxe5 Qxe5 21. Qc4 b5 22. Qd3 Qd4 23. Qg3 Nxe4 24. Nxe4 Qxe4 25. Bc3 g5 26. Qxc7 Ra7 1-0

[Event "Santa Cruz de la Palma op"]
[Site "Santa Cruz"]
[Date "1995.??.??"]
[Round "?"]
[White "Kurajica, Bojan"]
[Black "Mitkov, Nikola"]
[Result "1-0"]
[WhiteElo "2585"]
[BlackElo "2475"]
[PlyCount "63"]
[EventDate "1995.07.??"]
[Source "www.chesslib.no"]
[SourceDate "2004.05.04"]

1. d4 Nf6 2. Nf3 d5 3. e3 e6 4. c4 Nc6 5. Nc3 Bb4 6. Qc2 O-O 7. Bd2 Re8 8. Rd1 a6 9. Be2 h6 10. Ne5 Nxe5 11. dxe5 Nd7 12. cxd5 Nxe5 13. f4 Ng4 14. Bxg4 Qh4+ 15. g3 Qxg4 16. Qe4 c6 17. Qxb4 exd5 18. O-O a5 19. Qb6 Qg6 20. Rf2 h5 21. Ne2 h4 22. f5 Bxf5 23. Rdf1 Bg4 24. Nf4 Qd6 25. gxh4 Qd7 26. b3 a4 27. Rg2 axb3 28. Qxb3 Re4 29. Qb2 f6 30. h3 Bxh3 31. Nxh3 Qxh3 32. Qxb7 1-0

[Event "1st Stage Russian Cup"]
[Site "Tomsk"]
[Date "2003.07.09"]
[Round "6"]
[White "Belozerov, Andrei"]
[Black "Ovetchkin, Roman"]
[Result "1-0"]
[WhiteElo "2541"]
[BlackElo "2519"]
[PlyCount "109"]
[EventDate "2003.07.04"]
[Source "Roberto Alvarez"]
[SourceDate "2003.08.18"]

1. d4 Nf6 2. c4 e6 3. Nc3 Bb4 4. Qc2 Nc6 5. Nf3 d5 6. cxd5 exd5 7. Bg5 h6 8. Bh4 g5 9. Bg3 g4 10. Ne5 Nxd4 11. Qa4+ b5 12. Qd1 Nf5 13. e4 Nxe4 14. Bxb5+ Kf8 15. O-O Nexg3 16. fxg3 Be6 17. Nxd5 Qxd5 18. Qxd5 Bxd5 19. Rxf5 Be6 20. Rf4 Bc5+ 21. Kf1 Bd6 22. Ng6+ Kg7 23. Nxh8 Bxf4 24. gxf4 Rxh8 25. b3 Rd8 26. Ke2 Rd4 27. Ke3 Rb4 28. Bc6 Kf6 29. Rc1 Ke7 30. Ba4 Kd6 31. Rc6+ Kd5 32. Rxc7 Re4+ 33. Kd3 Rxf4 34. Rxa7 Rf2 35. Ra6 Ke5 36. Bc6 f5 37. Ke3 Rc2 38. Ra5+ Kf6 39. Bb7 Kg5 40. b4 h5 41. a4 Rb2 42. b5 h4 43. Bc6 h3 44. gxh3 gxh3 45. Ra8 Rxh2 46. b6 f4+ 47. Kd4 Bd7 48. Bf3 Rb2 49. b7 Kh4 50. Rg8 h2 51. a5 Be6 52. b8=Q Rxb8 53. Rxb8 Kg3 54. Bh1 f3 55. Rf8 1-0

[Event "CUB-ch open"]
[Site "Havana"]
[Date "2004.04.22"]
[Round "3"]
[White "Vera, Reynaldo"]
[Black "Bruzon Bautista, Lazaro"]
[Result "1/2-1/2"]
[WhiteElo "2444"]
[BlackElo "2602"]
[PlyCount "49"]
[EventDate "2004.04.20"]
[Source "Roberto Alvarez"]
[SourceDate "2004.05.24"]

1. d4 Nf6 2. c4 e6 3. Nc3 Bb4 4. Qc2 Nc6 5. e3 e5 6. d5 Ne7 7. Nf3 Bxc3+ 8. Qxc3 d6 9. Nd2 O-O 10. Be2 c6 11. dxc6 Nxc6 12. O-O Bf5 13. b3 d5 14. Bb2 Re8 15. Rfe1 d4 16. exd4 exd4 17. Qg3 Qa5 18. Qf4 Rad8 19. a3 Bc2 20. b4 Qe5 21. Qxe5 Nxe5 22. Bf1 Nd3 23. Bxd3 Bxd3 24. Rxe8+ Nxe8 25. Nf3 1/2-1/2

[Event "Open"]
[Site "?"]
[Date "2003.10.31"]
[Round "9"]
[White "Grigore George-Gabriel"]
[Black "Kogan Artur"]
[Result "0-1"]
[WhiteElo "2485"]
[BlackElo "2556"]
[PlyCount "128"]
[EventDate "2003.??.??"]
[Source "www.chesslib.no"]
[SourceDate "2004.05.04"]

1. d4 Nf6 2. c4 e6 3. Nc3 Bb4 4. Qc2 Nc6 5. Nf3 d5 6. a3 Bxc3+ 7. Qxc3 Ne4 8. Qb3 O-O 9. e3 a5 10. Bd3 a4 11. Qc2 f5 12. O-O Bd7 13. cxd5 exd5 14. Ne5 Na5 15. f3 Nd6 16. Nxd7 Qxd7 17. Bd2 Nb3 18. Rae1 b6 19. Bc3 Qe6 20. Qf2 Ne4 21. Qh4 Nxc3 22. bxc3 h6 23. Re2 c5 24. h3 Qc6 25. Qh5 cxd4 26. cxd4 Qf6 27. g4 Nxd4 28. Ref2 Nb3 29. Qxf5 Qxf5 30. Bxf5 Rfe8 31. Rd1 Rxe3 32. Rxd5 Nc5 33. Rb2 Rb3 34. Rb1 Re8 35. Kf2 Ree3 36. Rxb3 Rxb3 37. Bg6 Kf8 38. Re5 Nd3+ 39. Bxd3 Rxd3 40. Re6 Rb3 41. h4 Kf7 42. Rc6 Ke7 43. h5 b5 44. Rb6 Kd7 45. Rb7+ Ke6 46. Rxg7 Rxa3 47. Rg6+ Kd5 48. Rxh6 Rc3 49. Ra6 a3 50. g5 b4 51. g6 Rc2+ 52. Kg3 Rc1 53. Kg2 Rc2+ 54. Kh3 Rc6 55. Ra5+ Ke6 56. h6 Kf6 57. g7 Rc8 58. Ra6+ Kf7 59. Ra4 Rb8 60. Kg4 Kg8 61. Kg5 Kh7 62. f4 b3 63. Rxa3 b2 64. g8=Q+ Rxg8+ 0-1

[Event "ISL-FRA"]
[Site "Reykjavik"]
[Date "1993.??.??"]
[Round "10"]
[White "Kouatly, Bachar"]
[Black "Arnason, Jon L"]
[Result "1/2-1/2"]
[WhiteElo "2505"]
[BlackElo "2535"]
[PlyCount "92"]
[EventDate "1993.??.??"]
[Source "ChessBase"]

1. d4 Nf6 2. c4 e6 3. Nc3 Bb4 4. Qc2 Nc6 5. Nf3 d5 6. cxd5 exd5 7. Bg5 Qd6 8. Bxf6 Qxf6 9. a3 Bxc3+ 10. Qxc3 Bg4 11. Ne5 Nxe5 12. dxe5 Qb6 13. e3 O-O 14. Bd3 Rae8 15. O-O Bh5 16. Rac1 c6 17. e4 d4 18. Qc5 Bg4 19. b4 Qxc5 20. Rxc5 Re7 21. f4 f6 22. h3 Bc8 23. exf6 gxf6 24. Kf2 Kg7 25. g4 h6 26. Kg3 Rfe8 27. Re1 Re6 28. f5 Re5 29. Kf4 Rxc5 30. bxc5 Re5 31. Rc1 Bd7 32. h4 b6 33. g5 Be8 34. Rc4 hxg5+ 35. hxg5 bxc5 36. Rc1 Bf7 37. gxf6+ Kxf6 38. Bc4 Bxc4 39. Rxc4 Re7 40. Rxc5 Rd7 41. Rc1 d3 42. e5+ Ke7 43. Ke3 Rd5 44. f6+ Kf7 45. Rxc6 Rxe5+ 46. Kxd3 Ra5 1/2-1/2

[Event "Moscow ol (Men)"]
[Site "Moscow"]
[Date "1994.??.??"]
[Round "5"]
[White "Ruzele, Darius"]
[Black "Arnason, Jon L"]
[Result "1/2-1/2"]
[WhiteElo "2495"]
[BlackElo "2525"]
[PlyCount "50"]
[EventDate "1994.11.??"]
[Source "ChessBase"]

1. d4 Nf6 2. c4 e6 3. Nc3 Bb4 4. Qc2 Nc6 5. Nf3 d5 6. e3 O-O 7. a3 Bxc3+ 8. Qxc3 Bd7 9. b3 a5 10. Bb2 Qe7 11. Bd3 Rfc8 12. O-O a4 13. b4 dxc4 14. Bxc4 Na7 15. Rfe1 Bb5 16. Ba2 Bc6 17. Nd2 Nb5 18. Qc2 Rd8 19. Rac1 Rd7 20. f3 Ne8 21. Nc4 Rdd8 22. Bb1 Qh4 23. Na5 Rd6 24. Qe2 Na7 25. Bd3 Qd8 1/2-1/2

[Event "1st NAO GM"]
[Site "Paris"]
[Date "2003.02.16"]
[Round "4"]
[White "David, Alberto"]
[Black "Nikcevic, Nebojsa"]
[Result "1-0"]
[WhiteElo "2548"]
[BlackElo "2468"]
[PlyCount "75"]
[EventDate "2003.02.13"]
[Source "Roberto Alvarez"]
[SourceDate "2003.02.24"]

1. d4 Nf6 2. c4 e6 3. Nc3 Bb4 4. Qc2 Nc6 5. Nf3 d5 6. e3 O-O 7. Bd2 dxc4 8. Bxc4 a6 9. O-O Bd6 10. a3 Bd7 11. Kh1 Qe7 12. Rae1 e5 13. Ng5 g6 14. dxe5 Nxe5 15. Ba2 Nh5 16. f4 Ng4 17. Nd5 Qd8 18. Rf3 c6 19. Nc3 Bc7 20. Nce4 Bf5 21. Bb4 h6 22. h3 Ngf6 23. Nxf6+ Qxf6 24. e4 hxg5 25. exf5 gxf5 26. Be7 Rae8 27. Bxf6 Rxe1+ 28. Kh2 Nxf6 29. Qxf5 Nh7 30. Bb1 Rxb1 31. Qxb1 Bxf4+ 32. Kg1 Re8 33. Qf5 Re7 34. Rd3 Nf8 35. h4 Ng6 36. h5 Ne5 37. Rd8+ Kg7 38. h6+ 1-0

[Event "XXV Open del Liechtenstein"]
[Site "Triesen LIE"]
[Date "2007.05.14"]
[Round "4"]
[White "Landenbergue, C."]
[Black "Rozentalis, E."]
[Result "1/2-1/2"]
[WhiteElo "2435"]
[BlackElo "2578"]
[PlyCount "86"]
[EventDate "2007.05.11"]
[Source "www.chesslib.no"]
[SourceDate "2004.05.04"]

1. Nf3 Nf6 2. c4 e6 3. d4 Nc6 4. Nc3 Bb4 5. Qc2 d5 6. e3 O-O 7. Bd2 Re8 8. a3 Bf8 9. Bd3 a6 10. O-O g6 11. Rad1 Bg7 12. Bc1 dxc4 13. Bxc4 Qe7 14. Ne5 Nxe5 15. dxe5 Nd7 16. f4 b6 17. Ne4 Bb7 18. Be2 Rac8 19. Rd2 Red8 20. Rfd1 a5 21. Bb5 Nf8 22. g3 Rxd2 23. Nxd2 Rd8 24. Be2 g5 25. Nf3 Rxd1+ 26. Qxd1 gxf4 27. gxf4 Ng6 28. Nd4 Qc5 29. Qd2 Nh4 30. Kf2 Bf8 31. Qc2 Qe7 32. Bd3 c5 33. Nb5 Ng6 34. Ke1 Qh4+ 35. Qf2 Qd8 36. Nd6 Bxd6 37. exd6 Qxd6 38. Bxg6 hxg6 39. Bd2 Qd3 40. Bc3 Bd5 41. Qg3 Bc4 42. Qf3 Qb1+ 43. Kd2 Qd3+ 1/2-1/2

[Event "TCh-CRO"]
[Site "?"]
[Date "2004.09.11"]
[Round "7"]
[White "Komljenovic Davor"]
[Black "Horvath Jozsef"]
[Result "1/2-1/2"]
[WhiteElo "2461"]
[BlackElo "2524"]
[PlyCount "30"]
[EventDate "2004.??.??"]
[Source "www.chesslib.no"]
[SourceDate "2004.05.04"]

1. d4 Nf6 2. c4 e6 3. Nc3 Bb4 4. Qc2 Nc6 5. Nf3 O-O 6. a3 Bxc3+ 7. Qxc3 d6 8. Bg5 h6 9. Bh4 g5 10. Bg3 Ne4 11. Qc2 f5 12. e3 Qf6 13. Bd3 Nxg3 14. hxg3 e5 15. d5 Ne7 1/2-1/2

[Event "Arnold Cup"]
[Site "Gausdal NOR"]
[Date "1990.??.??"]
[Round "2"]
[White "Petursson, Margeir"]
[Black "Reeh, Oliver"]
[Result "1-0"]
[WhiteElo "2555"]
[BlackElo "2425"]
[PlyCount "81"]
[EventDate "1990.??.??"]
[Source "www.chesslib.no"]
[SourceDate "2004.05.04"]

1. d4 Nf6 2. c4 e6 3. Nc3 Bb4 4. Qc2 Nc6 5. Nf3 d5 6. Bg5 h6 7. Bxf6 Qxf6 8. e3 dxc4 9. Bxc4 O-O 10. O-O Bd6 11. Rad1 Re8 12. Bb5 Bd7 13. e4 Qg6 14. Qe2 e5 15. dxe5 Nxe5 16. Bxd7 Nxd7 17. Nh4 Qe6 18. Nf5 Nf6 19. Nxd6 cxd6 20. Rfe1 Rad8 21. Qd2 a6 22. Re3 Qe5 23. f3 Qc5 24. Kh1 b5 25. Rd3 Re6 26. h3 Qg5 27. Qf2 Rc8 28. a3 Qf4 29. Qd2 Qxd2 30. R3xd2 Ne8 31. Nd5 Kf8 32. Kh2 Rc6 33. g4 a5 34. Kg3 g6 35. h4 Kg7 36. h5 Rc5 37. hxg6 fxg6 38. Rh2 a4 39. Rdh1 g5 40. Ne3 Nf6 41. Nf5+ 1-0

[Event "EU-chT (Men)"]
[Site "Haifa"]
[Date "1989.??.??"]
[Round "5"]
[White "Lalic, Bogdan"]
[Black "Inkiov, Ventzislav"]
[Result "1-0"]
[WhiteElo "2500"]
[BlackElo "2475"]
[PlyCount "69"]
[EventDate "1989.11.??"]
[Source "ChessBase"]

1. d4 Nf6 2. c4 e6 3. Nc3 Bb4 4. Qc2 Nc6 5. Nf3 d5 6. a3 Bxc3+ 7. Qxc3 O-O 8. Bg5 h6 9. Bxf6 Qxf6 10. e3 b6 11. cxd5 exd5 12. Be2 Bb7 13. O-O Rfc8 14. b4 Nd8 15. Rfc1 c6 16. a4 Ne6 17. a5 Rab8 18. axb6 axb6 19. Ra7 Rc7 20. h3 Re8 21. Ba6 Bxa6 22. Rxa6 c5 23. Rxb6 Nxd4 24. exd4 Qxb6 25. dxc5 Qa6 26. Nd4 Rb8 27. Qg3 Rcc8 28. c6 g6 29. Nf5 Kh7 30. Ne7 Rxb4 31. Nxc8 Qxc8 32. c7 Rc4 33. Rxc4 dxc4 34. Qd6 c3 35. Qc5 1-0

[Event "Camp. spagnolo a squadre - Gruppo II"]
[Site "Sabadell SPA"]
[Date "2008.09.04"]
[Round "2"]
[White "Cruz, Cr"]
[Black "Herrera, I."]
[Result "1-0"]
[WhiteElo "2508"]
[BlackElo "2458"]
[PlyCount "55"]
[EventDate "2008.09.03"]
[Source "www.chesslib.no"]
[SourceDate "2004.05.04"]

1. d4 Nf6 2. c4 e6 3. Nc3 Bb4 4. Qc2 Nc6 5. Nf3 O-O 6. a3 Bxc3+ 7. Qxc3 Ne4 8. Qc2 f5 9. e3 d5 10. b4 Bd7 11. Bd3 Be8 12. Bb2 a6 13. Ne5 Nd6 14. O-O-O Qe7 15. cxd5 exd5 16. g4 a5 17. b5 Nxe5 18. dxe5 Nxb5 19. gxf5 Qh4 20. Rhg1 Ra6 21. e6 Rf6 22. Bxb5 Bxb5 23. Rxd5 h6 24. Rxg7+ Kxg7 25. Qxc7+ Kf8 26. Rd8+ Be8 27. Rxe8+ Kxe8 28. Qd7+ 1-0

[Event "ch-Privolzhsky Region"]
[Site "?"]
[Date "2005.03.17"]
[Round "2"]
[White "Khismatullin Denis"]
[Black "Dudukin Ilya"]
[Result "1-0"]
[WhiteElo "2548"]
[BlackElo "2413"]
[PlyCount "110"]
[EventDate "2005.??.??"]
[Source "www.chesslib.no"]
[SourceDate "2004.05.04"]

1. c4 e6 2. Nc3 Nf6 3. d4 Bb4 4. Qc2 Nc6 5. e3 d6 6. Nge2 O-O 7. a3 Bxc3+ 8. Nxc3 e5 9. d5 Ne7 10. f3 c6 11. e4 Nh5 12. Be3 Bd7 13. dxc6 Bxc6 14. O-O-O Qc7 15. g4 Nf6 16. Qd2 Rfd8 17. Kb1 a6 18. Nd5 Bxd5 19. cxd5 b5 20. g5 Nd7 21. Rc1 Qb7 22. Qa5 Rdc8 23. Bh3 Ng6 24. Qb4 Rc5 25. Bxc5 a5 26. Qb3 Nxc5 27. Qe3 Nf4 28. Bf1 b4 29. Rxc5 dxc5 30. a4 Qd7 31. Bb5 Qh3 32. Rc1 Rd8 33. Ka2 Qxh2 34. Rxc5 Qh1 35. d6 Ne6 36. Rxe5 Rxd6 37. Rd5 Qh2 38. f4 Rxd5 39. exd5 Qxf4 40. Qe1 Nc7 41. Qe7 h5 42. Bd3 g6 43. d6 b3+ 44. Kxb3 Qb4+ 45. Kc2 Qxa4+ 46. Kc1 Qc6+ 47. Bc2 Qh1+ 48. Bd1 Qc6+ 49. Kb1 Ne6 50. Bb3 Qe4+ 51. Ka1 Qe1+ 52. Ka2 Qb4 53. Qe8+ Kg7 54. d7 Qd4 55. Qe7 Nd8 1-0

[Event "Plovdiv"]
[Site "Plovdiv"]
[Date "1984.??.??"]
[Round "6"]
[White "Velikov, Petar"]
[Black "Inkiov, Ventzislav"]
[Result "1/2-1/2"]
[WhiteElo "2465"]
[BlackElo "2490"]
[PlyCount "40"]
[EventDate "1984.06.??"]
[Source "ChessBase"]

1. d4 Nf6 2. c4 e6 3. Nc3 Bb4 4. Qc2 Nc6 5. Nf3 d5 6. a3 Bxc3+ 7. Qxc3 a5 8. Bg5 h6 9. Bxf6 Qxf6 10. e3 O-O 11. Be2 Re8 12. O-O dxc4 13. Bxc4 e5 14. dxe5 Nxe5 15. Nxe5 Qxe5 16. Qxe5 Rxe5 17. Rfd1 Be6 18. Rac1 Bxc4 19. Rxc4 Rb5 20. Rd2 c6 1/2-1/2

[Event "Ch Montenegro"]
[Site "Cetinje (Montenegro)"]
[Date "2007.07.16"]
[Round "6"]
[White "Drasko Milan (SCG)"]
[Black "Podlesnik Bogdan (SLO)"]
[Result "1-0"]
[WhiteElo "2552"]
[BlackElo "2403"]
[PlyCount "81"]
[EventDate "2007.??.??"]
[Source "www.chesslib.no"]
[SourceDate "2004.05.04"]

1. d4 Nf6 2. c4 e6 3. Nc3 Bb4 4. Qc2 Nc6 5. e3 e5 6. d5 Ne7 7. Nf3 Bxc3+ 8. Qxc3 d6 9. Nd2 O-O 10. Be2 Ng6 11. O-O Re8 12. b3 c6 13. dxc6 bxc6 14. Bb2 d5 15. Rfe1 Bg4 16. f3 Be6 17. Rad1 c5 18. cxd5 Nxd5 19. Qd3 f5 20. Nc4 Qg5 21. Bf1 Rad8 22. Qe2 Bf7 23. Rd2 h5 24. Kh1 Kh7 25. Red1 h4 26. Qf2 f4 27. e4 Ne3 28. Rxd8 Bxc4 29. Rxe8 Nxd1 30. Qe1 Bxf1 31. Qxf1 h3 32. g4 fxg3 33. Qxh3+ Nh4 34. Qxg3 Qh5 35. Bxe5 Ng6 36. Bd6 Ne3 37. Re6 Nh4 38. Re7 Ng6 39. Re6 Nh4 40. Re5 Qh6 41. Bxc5 1-0

[Event "Komotini GP"]
[Site "Komotini"]
[Date "1993.??.??"]
[Round "7"]
[White "Kalesis, Nikolaos"]
[Black "Arnason, Jon L"]
[Result "1/2-1/2"]
[WhiteElo "2410"]
[BlackElo "2530"]
[PlyCount "57"]
[EventDate "1993.08.??"]
[Source "www.chesslib.no"]
[SourceDate "2004.05.04"]

1. d4 Nf6 2. c4 e6 3. Nc3 Bb4 4. Qc2 Nc6 5. Nf3 d5 6. cxd5 exd5 7. Bg5 Qd6 8. Bxf6 Qxf6 9. e3 Bf5 10. Bd3 Bxd3 11. Qxd3 Qg6 12. Qe2 Qxg2 13. Rg1 Qh3 14. Rxg7 O-O-O 15. O-O-O h6 16. Rdg1 Bxc3 17. bxc3 Qh5 18. R1g2 Kb8 19. Ng1 Qf5 20. R2g3 Rdf8 21. Nh3 Ne7 22. Nf4 Qd7 23. Rg1 Nf5 24. R7g2 Qc6 25. Qc2 Nd6 26. Nd3 Nc4 27. Nb2 Nd6 28. Nd3 Nc4 29. Nb2 1/2-1/2

[Event "URS-FL"]
[Site "Kharkov"]
[Date "1985.??.??"]
[Round "?"]
[White "Ubilava, Elizbar"]
[Black "Gurgenidze, Bukhuti"]
[Result "0-1"]
[WhiteElo "2485"]
[BlackElo "2455"]
[PlyCount "52"]
[EventDate "1985.10.??"]
[Source "ChessBase"]

1. d4 Nf6 2. c4 e6 3. Nc3 Bb4 4. Nf3 Nc6 5. Qc2 d5 6. e3 O-O 7. Bd2 Re8 8. Rc1 a6 9. h3 Bd6 10. a3 h6 11. b4 e5 12. cxd5 Nxd4 13. exd4 exd4+ 14. Ne2 Nxd5 15. Nfxd4 Qf6 16. Qd3 Bd7 17. g3 Be5 18. Nf3 Bb2 19. Rc5 Bc6 20. Rxd5 Bxd5 21. Qxd5 Bxa3 22. Qb3 Qa1+ 23. Qd1 Qb2 24. Bg2 Bxb4 25. Bxb4 Rxe2+ 26. Qxe2 Qc1+ 0-1

[Event "ISR-chT"]
[Site "Israel"]
[Date "1996.??.??"]
[Round "4"]
[White "Lev, Ronen"]
[Black "Shvidler, Eliahu"]
[Result "1/2-1/2"]
[WhiteElo "2465"]
[BlackElo "2460"]
[PlyCount "158"]
[EventDate "1996.??.??"]
[Source "ChessBase"]

1. d4 Nf6 2. c4 e6 3. Nc3 Bb4 4. Qc2 Nc6 5. Nf3 Qe7 6. Bd2 O-O 7. a3 Bxc3 8. Bxc3 d6 9. e3 e5 10. d5 Nb8 11. Nd2 c6 12. dxc6 Nxc6 13. Bd3 Nd4 14. Qb1 Ne6 15. b4 b6 16. Ne4 Nxe4 17. Bxe4 Bb7 18. O-O Rac8 19. Bxh7+ Kh8 20. Bd3 b5 21. c5 Qg5 22. Be4 d5 23. Bf3 Rcd8 24. g3 e4 25. Bg2 d4 26. exd4 Nxd4 27. Bxd4 Rxd4 28. Qc2 Rd2 29. Qc3 Rd3 30. Qc1 Qe5 31. a4 Bc6 32. axb5 Bxb5 33. Re1 Rd4 34. Rxa7 Rxb4 35. Qe3 Bc6 36. Ra6 Rc8 37. Rc1 Bd5 38. Rb6 Qb2 39. Rxb4 Qxb4 40. Qc3 Qxc3 41. Rxc3 g5 42. Kf1 f5 43. Bh3 g4 44. Bg2 Kg7 45. h3 gxh3 46. Bxh3 Kf6 47. Ke2 Ke5 48. Ke3 Bc6 49. Bg2 Ra8 50. f4+ Ke6 51. Bf1 Bd5 52. Bb5 Ra5 53. Be8 Ra8 54. Bb5 Ra5 55. Be2 Bc6 56. Bd1 Ra1 57. Bb3+ Kf6 58. Kd4 Rf1 59. Re3 Rc1 60. Bc4 Rd1+ 61. Kc3 Rb1 62. Kc2 Rg1 63. Kc3 Rb1 64. Bb3 Rf1 65. Kd4 Rg1 66. Kc3 Rf1 67. Kb4 Rf3 68. Rxf3 exf3 69. Bc4 Kg6 70. Bf1 Kh5 71. Bh3 f2 72. Kc4 Bb7 73. Kd4 Ba6 74. Ke5 f1=Q 75. Bxf1 Bxf1 76. Kxf5 Bh3+ 77. Kf6 Bc8 78. c6 Kg4 79. c7 Bf5 1/2-1/2

[Event "Tel Aviv-B"]
[Site "Tel Aviv ISR"]
[Date "1989.??.??"]
[Round "?"]
[White "Soffer, Ram"]
[Black "Gruenfeld, Yehuda"]
[Result "1/2-1/2"]
[WhiteElo "2365"]
[BlackElo "2535"]
[PlyCount "205"]
[EventDate "1989.04.??"]
[Source "www.chesslib.no"]
[SourceDate "2004.05.04"]

1. d4 Nf6 2. c4 e6 3. Nc3 Bb4 4. Qc2 Nc6 5. Nf3 Qe7 6. a3 Bxc3+ 7. Qxc3 Ne4 8. Qc2 d5 9. e3 O-O 10. b4 f5 11. Bd3 Rf6 12. Bb2 Nd8 13. Ne5 Rh6 14. g3 Nf7 15. O-O Nxe5 16. dxe5 Qg5 17. Qe2 Bd7 18. f4 Qe7 19. Bxe4 dxe4 20. Rad1 Be8 21. Rd4 g5 22. Qd2 gxf4 23. exf4 Bh5 24. Bc3 Qe8 25. b5 Rg6 26. Bb4 Rg7 27. Kf2 h6 28. a4 Kh7 29. Ke3 a6 30. Bc3 axb5 31. axb5 c5 32. bxc6 Qxc6 33. Ra1 Rxa1 34. Bxa1 b5 35. Qb4 bxc4 36. Bc3 Qa6 37. Qa5 Qb7 38. Qb4 Qa7 39. Qa5 Qf7 40. Qa8 Qc7 41. Qa6 Qb8 42. Rd2 Qb1 43. Qa1 Qb6+ 44. Bd4 Qb8 45. Rb2 Qc8 46. Rb6 c3 47. Qxc3 Rc7 48. Qa3 Rc2 49. Rb2 Kg6 50. Qe7 Rc3+ 51. Kf2 e3+ 52. Bxe3 Rxe3 53. Qf6+ Kh7 54. Qe7+ Kg8 55. Rd2 Rf3+ 56. Kg2 Rd3 57. Rxd3 Qc2+ 58. Kg1 Qxd3 59. Qxe6+ Bf7 60. Qxh6 Bd5 61. Qg6+ Kf8 62. Qf6+ Ke8 63. Qg6+ Kd7 64. Qd6+ Kc8 65. Qc5+ Kb7 66. Qb4+ Kc6 67. Qa4+ Kc5 68. Qa7+ Kb5 69. Qf2 Qe4 70. Qb2+ Kc6 71. Qc3+ Kd7 72. Kf2 Qg2+ 73. Ke3 Qg1+ 74. Kd3 Be4+ 75. Kc4 Qxh2 76. Kb4 Qh7 77. Qc5 Qg6 78. Qa7+ Kc8 79. Qc5+ Kd8 80. Qa5+ Ke8 81. Qb5+ Bc6 82. Qa6 Qe6 83. Qc4 Bd5 84. Qc7 Bc6 85. Qb8+ Kf7 86. Qc7+ Bd7 87. Kc5 Ke7 88. Qb6 Qxb6+ 89. Kxb6 Ke6 90. Kc5 Ba4 91. Kd4 Kf7 92. Kd5 Kg6 93. Ke6 Bc2 94. Ke7 Bb3 95. Kf8 Bc4 96. Ke7 Ba2 97. Kf8 Bb3 98. Ke7 Bc2 99. Ke6 Kh5 100. Kf6 Kg4 101. e6 Ba4 102. e7 Bd7 103. Ke5 1/2-1/2

[Event "HUN-ch"]
[Site "HUN"]
[Date "1973.??.??"]
[Round "?"]
[White "Farago, Ivan"]
[Black "Nagy, Ervin"]
[Result "1/2-1/2"]
[WhiteElo "2440"]
[BlackElo "2455"]
[PlyCount "44"]
[EventDate "1973.??.??"]
[Source "ChessBase"]

1. d4 Nf6 2. c4 e6 3. Nc3 Bb4 4. Qc2 Nc6 5. Nf3 d5 6. a3 Bxc3+ 7. Qxc3 O-O 8. e3 a5 9. b3 Bd7 10. Bb2 a4 11. b4 dxc4 12. Bxc4 Na7 13. d5 exd5 14. Bxd5 Nb5 15. Qe5 Re8 16. Qg5 c6 17. Bc4 Nd6 18. O-O-O Nde4 19. Bxf6 Qxf6 20. Qxf6 Nxf6 21. Kb2 Be6 22. Bxe6 Rxe6 1/2-1/2

[Event "Berlin Open"]
[Site "Berlin GER"]
[Date "1989.??.??"]
[Round "?"]
[White "Boensch, Uwe"]
[Black "Muse, Mladen"]
[Result "1-0"]
[WhiteElo "2490"]
[BlackElo "2400"]
[PlyCount "87"]
[EventDate "1989.??.??"]
[Source "www.chesslib.no"]
[SourceDate "2004.05.04"]

1. d4 Nf6 2. c4 e6 3. Nc3 Bb4 4. Qc2 Nc6 5. Nf3 d5 6. e3 O-O 7. a3 Bd6 8. c5 Be7 9. b4 e5 10. dxe5 Ng4 11. Bb2 a5 12. b5 Ncxe5 13. Nxe5 Nxe5 14. Rd1 Bxc5 15. Nxd5 Bd6 16. f4 Ng4 17. Qc3 Qh4+ 18. g3 Qh6 19. h3 Nf6 20. Bg2 Nxd5 21. Rxd5 f6 22. Rd2 Qg6 23. Kf2 Qe8 24. b6 Qe7 25. bxc7 Qxc7 26. Qxc7 Bxc7 27. Rc1 Bb6 28. Rd6 Ba7 29. Bd5+ Kh8 30. g4 h6 31. Kf3 a4 32. h4 Bb8 33. Rb6 Ra5 34. e4 Ba7 35. Rb4 Bc5 36. Rbc4 b6 37. Bd4 h5 38. gxh5 Bd7 39. Bxc5 bxc5 40. Rxc5 Ra6 41. Rc7 Be8 42. Rg1 Bxh5+ 43. Ke3 g6 44. f5 1-0

[Event "Skopje op"]
[Site "Skopje"]
[Date "1998.12.20"]
[Round "9"]
[White "Nikolov, Sasho"]
[Black "Jacimovic, Dragoljub"]
[Result "0-1"]
[WhiteElo "2400"]
[BlackElo "2490"]
[PlyCount "98"]
[EventDate "1998.12.??"]
[Source "www.chesslib.no"]
[SourceDate "2004.05.04"]

1. d4 Nf6 2. c4 e6 3. Nc3 Bb4 4. Qc2 Nc6 5. e3 O-O 6. a3 Bxc3+ 7. Qxc3 a5 8. b3 d6 9. Bd3 Re8 10. Ne2 d5 11. Bb2 e5 12. dxe5 Nxe5 13. Rd1 Bg4 14. f3 Bxf3 15. gxf3 Nxf3+ 16. Kf2 Ng5 17. Ng3 Ng4+ 18. Ke2 Rxe3+ 19. Kd2 d4 20. Qc2 Nf2 21. Kc1 Nxh1 22. Nf5 Rxd3 23. Rxd3 Ne4 24. Qg2 Qg5+ 25. Qxg5 Nxg5 26. Rxd4 Nf2 27. Nxg7 Nfe4 28. Kc2 c6 29. Nf5 Kf8 30. Rd7 Nc5 31. Re7 Nce6 32. Rxb7 Ne4 33. Nh6 Nd8 34. Rd7 Nc5 35. Rd4 Rb8 36. b4 axb4 37. axb4 Nde6 38. Rg4 Rxb4 39. Bf6 Ke8 40. Rg8+ Kd7 41. Nxf7 Rxc4+ 42. Kd2 Ne4+ 43. Kd3 Nxf6 44. Ne5+ Kc7 45. Nxc4 Nxg8 46. Ke4 Nf8 47. Ke5 Nd7+ 48. Ke6 Ngf6 49. h3 c5 0-1

[Event "Corr"]
[Site "?"]
[Date "1999.02.15"]
[Round "?"]
[White "Sender Christian"]
[Black "Groot Adri de (NED)"]
[Result "1-0"]
[WhiteElo "2474"]
[BlackElo "2411"]
[PlyCount "81"]
[EventDate "1999.??.??"]
[Source "www.chesslib.no"]
[SourceDate "2004.05.04"]

1. d4 Nf6 2. c4 e6 3. Nc3 Bb4 4. Qc2 Nc6 5. e3 O-O 6. Nf3 d6 7. Bd2 e5 8. dxe5 dxe5 9. O-O-O Bd6 10. h3 Nb4 11. Qb1 Qe7 12. g4 e4 13. Nd4 c5 14. Ndb5 Bb8 15. g5 Nd7 16. a3 a6 17. Nc7 Bxc7 18. axb4 Qxg5 19. h4 Qg6 20. h5 Qc6 21. Qxe4 Qxe4 22. Nxe4 cxb4 23. Bxb4 Re8 24. Nd6 Bxd6 25. Rxd6 Ne5 26. Rg1 Bf5 27. Bc3 g6 28. Rd5 Nf3 29. hxg6 fxg6 30. Rg3 Be4 31. Rd7 Ne5 32. Rc7 Rad8 33. c5 Re6 34. f3 Bc6 35. e4 Ree8 36. f4 Nd7 37. f5 Rxe4 38. fxg6 hxg6 39. Rxg6+ Kf7 40. Rg7+ Kf8 41. Bxa6 1-0

[Event "It (Open) Moscow RUS"]
[Site "?"]
[Date "2006.02.15"]
[Round "9"]
[White "Al Sayed Mohamad"]
[Black "Ostrovskiy Andrey"]
[Result "1/2-1/2"]
[WhiteElo "2479"]
[BlackElo "2403"]
[PlyCount "82"]
[EventDate "2006.??.??"]
[Source "www.chesslib.no"]
[SourceDate "2004.05.04"]

1. d4 Nf6 2. c4 e6 3. Nc3 Bb4 4. Qc2 Nc6 5. Nf3 O-O 6. Bd2 Qe7 7. a3 Bxc3 8. Bxc3 d6 9. e3 a5 10. b3 e5 11. dxe5 dxe5 12. Be2 Bg4 13. O-O Nd7 14. Bd3 f5 15. h3 Bxf3 16. gxf3 Nc5 17. Kh2 Qd6 18. Be2 Nd4 19. Qb2 Nd3 20. c5 Qd5 21. Qd2 Nxe2 22. Qxe2 Nxc5 23. Rad1 Qe6 24. Rg1 g6 25. b4 Na4 26. Ba1 axb4 27. axb4 Nb6 28. Qb5 Rfe8 29. Rc1 Qd5 30. Qxd5+ Nxd5 31. Rgd1 c6 32. b5 Ra2 33. Kg1 Re6 34. bxc6 bxc6 35. Rc5 Kf7 36. Kf1 g5 37. e4 fxe4 38. fxe4 Nf4 39. Bxe5 Nxh3 40. Bg3 Rxe4 41. Rd7+ Re7 1/2-1/2